| 000 | 00488nam a22001697a 4500 | ||
|---|---|---|---|
| 005 | 20231114082714.0 | ||
| 008 | 231114b |||||||| |||| 00| 0 eng d | ||
| 020 | _a9780620855624 | ||
| 041 | _aEnglish | ||
| 082 | _a345 NAM | ||
| 100 |
_aNamandje, S _lEnglish |
||
| 245 |
_aThe Law on Liberty, Arrest and Detention in Namibia / _cS Namandje |
||
| 260 | _c2019 | ||
| 300 |
_b75 pages ; _c25,4 cm. |
||
| 650 |
_aLegal practice _bLaw |
||
| 942 |
_cBK _6ALISON_BN_VRIES |
||
| 999 |
_c609 _d609 |
||